|
|
|
|
| LEADER |
00698cam a2200193ua 4500 |
| 020 |
|
|
|a 978-0-07-070085-7
|
| 082 |
|
|
|a 658.5
|b GRA-P
|
| 100 |
|
|
|a Gray, Clifford F.
|
| 245 |
|
|
|a Project management: the managerial process/
|
| 250 |
|
|
|a 4th ed.;
|
| 260 |
|
|
|a New Delhi:
|b McGraw Hill Education,
|c 2010.
|
| 300 |
|
|
|a 706p.;
|
| 650 |
|
|
|a Project management
|
| 700 |
|
|
|a Larson, Erik W.
|
| 700 |
|
|
|a Gautam V Desai.
|
| 942 |
|
|
|c BB
|
| 999 |
|
|
|c 44051
|d 44051
|
| 952 |
|
|
|0 0
|1 0
|4 0
|6 658_500000000000000_GRAP
|7 0
|9 61295
|a KU
|b KU
|d 2016-11-24
|l 0
|o 658.5 GRA-P
|p MB06942
|r 2016-11-24
|y BB
|
| 952 |
|
|
|0 0
|1 0
|4 0
|6 658_500000000000000_GRAP
|7 0
|9 65608
|a KU
|b KU
|d 2018-06-18
|g 660.00
|l 0
|o 658.5 GRA-P
|p MB06798
|r 2018-06-18
|w 2018-06-18
|y BB
|